Statistics for Şarkının Adı Sözlerinde Gizli #1

Click here to take the quiz!

General Stats

  • This quiz has been taken 1 086 times
  • The average score is 9 of 15

Answer Stats

Şarkı Sözleri% Correct
Sustu bu gece karardı yine ay / Kaldı geriye {cevapsız} {sorular}
87%
{Dursun} {zaman} / "Dursun", diyorsun da / Oyun değil ki yaşamak
79%
{Doktor} derdime bul bi' çare / Ona doyamıyorum yaz bi' reçete
76%
{Karabiberim} vur kadehlere / Hadi içelim, içelim her gece / Zevki sefa, doldu gönlüme
68%
{Kandırdım} nazlı yâri / Sonunda çılgın sözlerle
67%
Hadi {deli} {oğlan} / Hadi belime dolan / Hele bi' öp bakalım / Kızı dudağından
64%
{Bir} {derdim} {var} artık, tutamam içimde / Gitsem nereye kadar, kalsam neye yarar?
63%
{Bir} {kadın} {çizeceksin} / Onun gibi bırakıp gitmeyecek
61%
Kuralı yok, kuralı yok / Hayat senin gibi delisi yok / Yaşıyorum gelişine takılıyorum {kafama} {göre}
57%
{Ele} {güne} {karşı} yapayalnız böyle de olmaz ki / Nasıl da gittin insafsız böyle bırakılmaz ki
56%
Üzeni yolla, isterse dönsün sonra / {Salla}, ardına bakma asla
55%
{Sen} {ağlama} / Bir damla gözyaşın yeter / Sen üzülme, gülüm / Gamzende güllerin biter
49%
O beni bağlar, ben yine durmam / {Sor} {bana} {pişman} {mıyım}?
40%
Belki de bu yüzden vuruldum / Sahibin olamadım ya / Sığar mı erkekliğe seni {şımarık}? / Değişti mi bu dünya?
33%
Hadi keyfine bak, inan bana / Aldanma öbür dünyaya / {Hayatı} {yaşa}, korkma
17%

Score Distribution

Percentile by Number Answered

Percent of People with Each Score

Your Score History

You have not taken this quiz